000 00747cam a2200229 i 4500
020 _a9780735224933
_qhardcover
020 _a9780735224940
_qebook
082 0 0 _a303.385
_bEBE
100 1 _aEberhardt, Jennifer L.
_eauthor.
245 1 0 _aBiased: uncovering the hidden prejudice that shapes what we see, think, and do /
_cJennifer L. Eberhardt. PhD.
260 _aUSA:
_bPenguin Books;
_c2020.
300 _a340 pages ;
_c24 cm
563 _aPB
650 0 _aPrejudices.
_9130800
650 0 _aDiscrimination.
_9130827
650 0 _aRacism.
_9101762
942 _2ddc
_cBK
999 _c615003
_d615003